Central Library OPAC University of Rajshahi

The nature and prevention of the cereal rusts : (Record no. 68115)

MARC details
000 -LEADER
fixed length control field 00880nam a2200253 a 4500
001 - CONTROL NUMBER
control field 68115
003 - CONTROL NUMBER IDENTIFIER
rucl marc code BD-RjUL
005 - DATE AND TIME OF LATEST TRANSACTION
control field 20211209081731.0
008 - FIXED-LENGTH DATA ELEMENTS--GENERAL INFORMATION
fixed length control field 170330s1946 maua b 001 0 eng d
035 ## - SYSTEM CONTROL NUMBER
System control number (BD-RjUL)68324
040 ## - CATALOGING SOURCE
Original cataloging agency BD-RjUL
Language of cataloging eng
Transcribing agency BD-RjUL
Modifying agency BD-RjUL
041 ## - LANGUAGE CODE
Language code of text/sound track or separate title eng
082 ## - DEWEY DECIMAL CLASSIFICATION NUMBER
Edition number 23
Classification number 632.425
Author mark and year CHN 1946
100 1# - MAIN ENTRY--PERSONAL NAME
Personal name Chester, K. Starr.
9 (RLIN) 201926
245 14 - TITLE STATEMENT
Title The nature and prevention of the cereal rusts :
Remainder of title as exemplified in the leaf rust of wheat /
Statement of responsibility, etc. by K. Starr Chester
260 ## - PUBLICATION, DISTRIBUTION, ETC. (IMPRINT)
Place of publication, distribution, etc. Waltham, Mass :
Name of publisher, distributor, etc. Chronica Botanica,
Date of publication, distribution, etc. 1946.
300 ## - PHYSICAL DESCRIPTION
Pagination xiv, 269 p. :
Illustrations ill.,
Size 27 cm.
490 ## - SERIES STATEMENT
Series statement Annales cryptogamici et phytopathologici,
Volume/sequential designation v. 4.
500 ## - GENERAL NOTE
General note Spine title: Cereal rusts
504 ## - BIBLIOGRAPHY, ETC. NOTE
Bibliography, etc Includes indexes and bibliography
650 #0 - SUBJECT ADDED ENTRY--TOPICAL TERM
Topical term or geographic name as entry element Cereal rusts
9 (RLIN) 201927
830 #0 - SERIES ADDED ENTRY--UNIFORM TITLE
Uniform title Annales cryptogamici et phytopathologici, v. 4.
942 ## - ADDED ENTRY ELEMENTS (KOHA)
Source of classification or shelving scheme Dewey Decimal Classification
Koha item type Books
Holdings
Lost status Source of classification or shelving scheme Damaged status Not for loan Collection code Permanent Location Current Location Shelving location Date acquired Source of acquisition Total Checkouts Full call number Date last seen Copy number Koha item type
  Dewey Decimal Classification   Not For Loan Non-fiction Central Library, University of Rajshahi Central Library, University of Rajshahi Reading Room 30/03/2017 Dacca   632.425 CHN 1946 30/03/2017 C-1 Books